Obras del doctor Sutil: Juan Duns Escoto

Αποθηκεύτηκε σε:
Λεπτομέρειες βιβλιογραφικής εγγραφής
Κύριος συγγραφέας: Duns Escotus, John (Συγγραφέας)
Μορφή: Βιβλίο
Γλώσσα:Ισπανικά
Έκδοση: Madrid BAC 1960
Σειρά:Biblioteca de Autores Cristianos
Θέματα:
Ετικέτες: Προσθήκη ετικέτας
Δεν υπάρχουν, Καταχωρήστε ετικέτα πρώτοι!

MARC

LEADER 00000nam a2200000 a 4500
001 UCZ3230
003 CL-VaPUC
008 951020e19600000SP |||||||||||||||||spa|d
082 0 4 |a 189.4  |b DUN  |2 21 
100 0 |a Duns Escotus, John  |e author  |9 345667 
245 1 0 |a Obras del doctor Sutil: Juan Duns Escoto 
300 |a 712 p 
942 |c BK 
945 |d 19951020 00:00:00  |a cmena 
260 |a Madrid  |b BAC  |c 1960 
600 0 |a Dios  |9 314467 
650 0 |a Escolasticismo  |9 264998 
650 7 |a SER  |2 CL-VaPUC  |9 320176 
650 0 |a Razón   |9 314475 
650 0 |a Filosofía de la religión   |9 256017 
650 0 |a Experiencia religiosa  |9 315549 
650 7 |a DOCTRINAS RELIGIOSAS  |2 CL-VaPUC  |9 337177 
650 0 |a Teoría del conocimiento   |9 255038 
650 0 |a Libre albedrío  |9 334583 
650 0 |a Naturaleza humana   |9 308593 
583 |a last modification  |c 19951020 00:00:00  |k Rodrigo Vera 
490 0 |a Biblioteca de Autores Cristianos 
999 |c 239722  |d 239720 
952 |0 0  |1 0  |4 0  |6 189_400000000000000_DUN_1960  |7 0  |8 P  |9 251039  |a BIBEDU  |b BIBEDU  |c BIBEDU_PB  |d 2019-11-18  |i 1583905  |o 189.4 DUN 1960  |p 1583905  |r 2024-01-25  |w 2019-11-18  |y BK  |k FIL 
952 |0 0  |1 0  |4 0  |6 189_400000000000000_DUN_1960  |7 0  |8 P  |9 251040  |a BIBEDU  |b BIBEDU  |c BIBEDU_PB  |d 2019-11-18  |i 1583913  |l 1  |m 1  |o 189.4 DUN 1960  |p 1583913  |r 2024-01-25  |s 2022-08-05  |w 2019-11-18  |y BK  |k FIL